De blauwe Boeddha, (Record no. 6814)

MARC details
000 -LEADER
fixed length control field 00546cam a22002051 4500
001 - CONTROL NUMBER
control field af 49001019
003 - CONTROL NUMBER IDENTIFIER
control field DLC
005 - DATE AND TIME OF LATEST TRANSACTION
control field 20260227110918.0
008 - FIXED-LENGTH DATA ELEMENTS--GENERAL INFORMATION
fixed length control field 890512q19401949be 000 1 dut c
010 ## - LIBRARY OF CONGRESS CONTROL NUMBER
LC control number af 49001019
035 ## - SYSTEM CONTROL NUMBER
System control number (OCoLC)19703179
040 ## - CATALOGING SOURCE
Original cataloging agency California. Univ. Libr.
Transcribing agency CU
Modifying agency DLC
042 ## - AUTHENTICATION CODE
Authentication code premarc
050 00 - LIBRARY OF CONGRESS CALL NUMBER
Classification number PT2629.M6
Item number B52
100 1# - MAIN ENTRY--PERSONAL NAME
Personal name Omm, Pieter.
245 14 - TITLE STATEMENT
Title De blauwe Boeddha,
Remainder of title roman.
260 ## - PUBLICATION, DISTRIBUTION, ETC.
Place of publication, distribution, etc. Antwerpen,
Name of publisher, distributor, etc. Uitgeverij Westernis
Date of publication, distribution, etc. [194-]
300 ## - PHYSICAL DESCRIPTION
Extent 160 p.
Dimensions 18 cm.
440 #0 - SERIES STATEMENT/ADDED ENTRY--TITLE
Title De Briljant uitgave,
Volume/sequential designation nr. 28

No items available.

Powered by Koha